000 00698nam a2200217 i 4500
001 44045
003 ES-MaACL
005 20250911062639.0
007 t|
008 030320s1955 sp ||||1| spa d
100 1 _aCesbron, Gilbert.
_937680
245 1 0 _aPerros perdidos sin collar /
_cGilbert Cesbron ; [traducción del francés por María Barbeito y Cerviño].
250 _a[1ª ed.].
260 _aBarcelona :
_bDestino,
_c[1955] (
_fAgustín Núñez)
300 _a303 p. ;
_c19 cm.
490 1 _aAncora y delfín ;
_v112
700 1 _aBarbeito y Cerviño, María.
_925401
830 0 0 _aÁncora y Delfín
_v112
_9151298
852 _aES-MaACL
_jC-11453
_bR.37821
999 _c44045
_d44045